Fear no evil : (Record no. 4842)

MARC details
000 -LEADER
fixed length control field 00951nam a22002532 4500
001 - CONTROL NUMBER
control field 0000000647
005 - DATE AND TIME OF LATEST TRANSACTION
control field 20151217151752.0
008 - FIXED-LENGTH DATA ELEMENTS--GENERAL INFORMATION
fixed length control field 070213s xx 000 0 eng d
020 ## - INTERNATIONAL STANDARD BOOK NUMBER
International Standard Book Number 0877882606 (pbk) :
Terms of availability KES 940
040 ## - CATALOGING SOURCE
Original cataloging agency KABU
Transcribing agency KABU
050 #0 - LIBRARY OF CONGRESS CALL NUMBER
Classification number BR1725
Item number .N57F43 1999
100 1# - MAIN ENTRY--PERSONAL NAME
Personal name Nissley, Denny,
Dates associated with a name 1955-.
-- 0000148912
245 10 - TITLE STATEMENT
Title Fear no evil :
Remainder of title the story of Denny Nissley and Christ in action /
Statement of responsibility, etc. by Dennis Nissley with Jodie Randisi.
260 ## - PUBLICATION, DISTRIBUTION, ETC. (IMPRINT)
Place of publication, distribution, etc. Wheaton, Ill. :
Name of publisher, distributor, etc. Harold Shaw Publishers,
Date of publication, distribution, etc. c1999.
300 ## - PHYSICAL DESCRIPTION
Extent 191 p. :
Other physical details ill. ;
Dimensions 22 cm.
600 10 - SUBJECT ADDED ENTRY--PERSONAL NAME
Personal name Nissley, Denny,
Dates associated with a name 1955-.
-- 0000148912
650 #0 - SUBJECT ADDED ENTRY--TOPICAL TERM
Topical term or geographic name as entry element Christian biography
Geographic subdivision United States.
-- 0000148913
650 #0 - SUBJECT ADDED ENTRY--TOPICAL TERM
Topical term or geographic name as entry element Narcotic addicts
General subdivision Biography
Geographic subdivision United States.
-- 0000148914
650 #0 - SUBJECT ADDED ENTRY--TOPICAL TERM
Topical term or geographic name as entry element Alcoholics
General subdivision Biography
Geographic subdivision United States.
-- 0000148915
700 1# - ADDED ENTRY--PERSONAL NAME
Personal name Randisi, Jodie.
-- 0000148916
908 ## - PUT COMMAND PARAMETER (RLIN)
Put command parameter 070213
950 ## - LOCAL HOLDINGS (RLIN)
-- 1
Holdings
Withdrawn status Lost status Source of classification or shelving scheme Not for loan Home library Current library Date acquired Total Checkouts Full call number Barcode Date last seen Date last checked out Price effective from Koha item type
    Library of Congress Classification   Kabarak, Main Campus Kabarak, Main Campus 17/12/2015 2 BR1725 .N57F43 1999 010614 02/08/2024 18/11/2017 17/12/2015 General Collection
Designed with assistance from East African Informatics Ltd